Statistics for A Quiz About Buddhism

Click here to take the quiz!

General Stats

  • This quiz has been taken 4,862 times
    (4,435 since last reset)
  • The average score is 12 of 17

Answer Stats

Hint Answer % Correct
Concept in Buddhism (and other religions) that can be described roughly as
"what goes around comes around"
Karma
94%
Country in which the above was locatedIndia
93%
Belief that, after death, the self can enter a new bodyReincarnation
90%
Modern-day country in which he was born (according to tradition)Nepal
90%
Name for the spiritual leader of Tibetan BuddhismDalai Lama
90%
Although traditions differ, a large percentage of Buddhists don't eat thisMeat
88%
Symbol that often appears on Buddhist temples which was unfortunately
also used by the Nazis
Swastika
87%
Name one of the two countries where 90% of the population is BuddhistCambodia / Thailand
86%
School of Buddhism popular in Japan that starts with ZZen
80%
The goal of the Buddhist path. A state of freedom from greed, fear, and ignorance.Nirvana
79%
Type of flower often depicted in Buddhist artLotus
76%
Birth name of Gautama Buddha{Siddhartha} Gautama
58%
Word, starting with D, which means "cosmic law and order"Dharma
50%
Tree under which he gained enlightenmentBodhi Tree
47%
Common English translation of the Buddhist teachings about duḥkhaLife is {suffer}ing
31%
Traditionally, the first teachings of the BuddhaThe Four {Noble} Truths
29%
Term for a person who is on the path to the aboveBodhi{sattva}
28%

Score Distribution

Percentile by Number Answered

Percent of People with Each Score

Your Score History

You have not taken this quiz since the last reset